000 00802nam a2200241Ia 4500
003 OSt
005 20221005104920.0
006 a|||||r|||| 00| 0
007 ta
008 221004b |||||||| |||| 00| 0 hin d
024 _a30552
037 _cTextual
040 _aCRL
_cCRL
_bhin
041 _2hin
_ahin
082 _aV2:2.N7, 152M6
100 _aमौरिस-जोन्स, एच.
245 0 _aभारतीय शासन एवं राजनीति
246 _aBhāratīya shāsan evan rājanīti
260 _aदिल्ली
_bसुरजीत पब्लिकेशंस भारत
_c1986
300 _a316पृ.
_ccm.
942 _hV2:2.N7, 152M6
_cTEXL
_2cc
999 _c1014176
_d1014176